Pasolini : un'idea di teatro : tesi di laurea /

I tiakina i:
Ngā taipitopito rārangi puna kōrero
Kaituhi matua: Casi, Stefano (Author)
Ētahi atu kaituhi: Meldolesi, Claudio
Hōputu: Pukapuka
Reo:Itāriana
I whakaputaina: A.a. 1985-1986
Ngā Tūtohu: Tāpirihia he Tūtohu
Kāore He Tūtohu, Me noho koe te mea tuatahi ki te tūtohu i tēnei pūkete!

MARC

LEADER 00000nam a22000007i 4500
001 IT\ICCU\UBO\3344819
003 ItRI
005 20260124192843.0
008 071219m19851986it |||||| ||||| |||||c
040 |b ita  |c importazione bologna sebina 
041 7 |a ita  |2 ISO-639-2 
100 1 |a Casi, Stefano  |0 IT\ICCU\CFIV\014375  |4 aut 
245 1 0 |a Pasolini :  |b un'idea di teatro : tesi di laurea /  |c di Stefano Casi ; relatore: Claudio Meldolesi. 
260 |c A.a. 1985-1986 
300 |a 457 p. ;  |c 30 cm 
500 |a In testa al front.: Università degli Studi di Bologna, Facoltà di Lettere e filosofia, Corso di laurea in Discipline delle Arti, della Musica e dello Spettacolo 
500 |a In calce al front.: sessione straordinaria, anno accademico 1985-1986. 
700 1 |a Meldolesi, Claudio  |0 IT\ICCU\CFIV\040414 
942 |2 ddc  |c TS  |n 0 
952 |0 0  |1 0  |4 0  |6 TESI_852_910000000000000_CAS  |7 0  |9 24918  |a BO  |b BO  |d 2026-01-15  |i 1145  |l 0  |o TESI 852.910 CAS  |p BO1145  |r 2026-01-15 23:23:51  |w 2026-01-15  |x [Sebina 7] [1 v.]  |y TS  |z 1 v. 
999 |c 21168  |d 21168